000
00324nam a22001337a 4500
020
_a
9789380995090
082
_a
628.53
_b
SIN/AI
100
_a
Singh, M.P
245
_a
Air pollution and environment
260
_a
New Delhi
_b
Enkay publishing house
_c
2011
700
_a
Singh, Meenakshi
700
_a
Singh, B.S
942
_c
BK
999
_c
13968
_d
13968